Atlas rodoviário: todas as principais estradas do Brasil e 20.512 localidades, com informacoes da Argentina, Uruguai, Paraguai e Chile

Salvato in:
Dettagli Bibliografici
Natura: Libro
Lingua:portoghese
Pubblicazione: Sao Paulo Abril 2002
Edizione:1a. ed
Serie:Guia Quatro Rodas
Soggetti:
Tags: Aggiungi Tag
Nessun Tag, puoi essere il primo ad aggiungerne!!

MARC

LEADER 00000nam a2200000 a 4500
001 UCK1884
003 CL-VaPUC
008 041210e20020000BL |||||||||||||||||por|d
082 0 4 |a 912.81  |b ATL  |2 21 
245 1 0 |a Atlas rodoviário: todas as principais estradas do Brasil e 20.512 localidades, com informacoes da Argentina, Uruguai, Paraguai e Chile 
250 |a 1a. ed 
300 |a 114 p 
942 |c BK 
945 |d 20041210 00:00:00  |a vberengu 
260 |a Sao Paulo  |b Abril  |c 2002 
500 |a http://www.guia4rodas.com.br 
650 0 |a Turismo  |9 308920 
650 0 |a Mapas  |9 260844 
650 0 |a Atractivos turísticos   |9 464852 
651 0 |a Brasil  |9 267393 
583 |a last modification  |c 20041210 00:00:00  |k Rodrigo Vera 
490 0 |a Guia Quatro Rodas 
999 |c 311655  |d 311653 
952 |0 0  |1 0  |4 0  |6 912_810000000000000_ATL_2002  |7 0  |8 F  |9 381187  |a BIBARQ  |b BIBARQ  |d 2019-11-21  |i 4084438  |o 912.81 ATL 2002  |p 4084438  |r 2025-01-20  |w 2019-11-21  |y BK_F  |k ARQ